000 00667nam a2200193Ia 4500
003 GCL
008 140319s9999 xx 000 0 ara d
040 _aGCL /
_cGCL
082 0 4 _aد
_b050
100 1 _aعبدالغفار مكاوى
245 1 0 _aقصيدة وصورة : الشعر والتصوير عبر العصور ( عالم المعرفة 119 ) /
_cعبدالغفار مكاوى
300 _a318 ص
490 _aعالم المعرفة
_v0
650 0 4 _aالشعر العربى
650 0 4 _aدواوين وقصائد
650 0 4 _aالشعر العربى - تاريخ ونقد
650 0 4 _aالشعر العربى - مجموعات
942 _2ddc
_cBK
999 _c50240
_d50240